Thermal neutron diffraction: proceedings of the International Summer School at Harwell, 1-5 July 1968 on the accurate determination of neutron intensities and structure factors;

Saved in:
Bibliographic Details
Corporate Author: United Kingdom Atomic Energy Authority. Research Group
Other Authors: Willis, B. T. M. (Bertram Terence Martin) (ed.)
Format: Book
Language:English
Published: London, Oxford U.P., 1970.
Series:Harwell post-graduate series
Subjects:
LEADER 01350nam a2200313 4500
001 c000055196
003 CARM
005 00000000000000.0
008 700702s1970 enka b 10100 eng
010 |a 73476529 //r932 
015 |a B70-03450 
019 1 |a 413029  |z 45124414  |z 57994089  |5 LACONCORD2021 
020 |a 019851705X 
035 |a (OCoLC)85751  |5 LACONCORD2021 
050 0 0 |a QC721  |b .T34 
082 0 0 |a 539 
245 0 0 |a Thermal neutron diffraction:  |b proceedings of the International Summer School at Harwell, 1-5 July 1968 on the accurate determination of neutron intensities and structure factors;  |c edited by B. T. M. Willis. 
260 |a London,  |b Oxford U.P.,  |c 1970. 
300 |a xiv, 229 p.  |b illus.  |c 24 cm. 
440 0 |a Harwell post-graduate series 
500 |a At head of title: United Kingdom Atomic Energy Authority Research Group. 
504 |a Includes bibliographies. 
650 0 |a Neutrons  |x Diffraction. 
650 0 |a Thermal neutrons  |x Measurement. 
700 1 1 |a Willis, B. T. M.  |q (Bertram Terence Martin)  |e ed. 
710 2 0 |a United Kingdom Atomic Energy Authority.  |b Research Group. 
852 8 |b CARM  |h A2:AE22E0  |i C00573  |p 0034271  |f BK 
999 f f |i 6f5a80be-6cf6-5251-88f4-950809d1b98d  |s 713fccac-a14e-5acc-87ed-2fad35e19c48 
952 f f |p Can circulate  |a CAVAL  |b CAVAL  |c CAVAL  |d CARM 1 Store  |e C00573  |f A2:AE22E0  |h Other scheme  |i book  |m 0034271